000 00770cab a2200205 4500
001 ABS44700
008 090401t1991 xxu||||| |||| 00| 0 eng d
035 _a(Sirsi) u48613
041 _aeng
100 _aEllis, I.
245 _aLands Tribunal procedure
260 _c1991
350 _a0
490 _aIRRV Journal
_vFebruary 1991, 36-38
520 _aSeries of articles giving a step-by-step guide to the purpose and functions of the Lands Tribunal . The first article discusses fees , notice of appeal and cross appeals , the second examines Rule 11 pleadings and the third the role of the rating valuer . The third article looks at advocate and witness procedure.
650 _aLANDS TRIBUNAL RULES
690 _aLAW
942 _n0
948 _c04/03/1997
999 _c30537
_d30537